000 00441nam a2200181Ia 4500
001 24491
005 20260414151047.0
008 260414t2009||||xx |||||||||||||| ||spa||
041 _aESP
082 _a345.7J
_bT26
100 _aTávara Córdova , Francisco
_eAUT
245 0 _aLos recursos procesales civiles
_b
260 _c2009
300 _a214 páginas :
_c24 cm.
650 _aDER
654 _aCDE
942 _cLIB
_dJUS
_fJUS
_2ddc
_n
999 _c24491
_d24491